| 000 | 00384nam a2200157Ia 4500 | ||
|---|---|---|---|
| 005 | 20240807062433.0 | ||
| 008 | 240806s9999||||xx |||||||||||||| ||eng|| | ||
| 041 | _aeng | ||
| 082 |
_a891.433009 _bBECA |
||
| 100 | _aBechan | ||
| 245 | 0 |
_aAdhunik hindi upanyas : udbhav aur vikas / _cBechan |
|
| 260 | _bSanmarg Prakashan, Delhi-7 | ||
| 300 | _a374 | ||
| 650 | _aHindi | ||
| 942 | _cBK | ||
| 999 |
_c18953 _d18953 |
||